000 00346 a2200085 4500
100 1 _aGross, Bernhard.
_eAutor
245 0 _aCharge Storage in Solid Dielectrics :
_bA Bibliographical Review on the Electret and Related Effects /
_cGross Bernhard.
710 2 _aElsevier Science Publishers.
_eWydawca
_4pbl
260 _aAmsterdam :
_bElsevier,
_c1964.
300 _a153 s.;
_c25 cm.
999 _c5831
_d5831